Dobrý prameň časopis evanjelického cirkevného zboru a. v. v Dunajskej Lužnej

Podrobná bibliografia
Médium: Časopis
Jazyk:slovenčina
Vydavateľské údaje: V Dunajskej Lužnej-Nových Košariskách Evanjelický cirkevný zbor a.v. 1997-
Dunajská Lužná-Nové Košariská Cirkevný zbor ECAV na Slovensku
ISSN:1336-2321
Predmet:

MARC

LEADER 00000cas a2200000 a 4500
001 vtls008156073
003 SK-MaSNL
005 20260228162058.0
008 050524c19979999xo qr p 0 b0slo
022 |a 1336-2321 
035 |a (SVKBBclas03)vtls000275203 
040 |a SNK  |b slo  |c SNK  |d SVKBB  |e AACR2 
041 0 |a slo 
044 |a xo  |c SK 
072 7 |a 271/279  |x Kresťanské cirkvi, sekty, denominácie  |2 konspekt 
072 7 |a 27  |x Kresťanstvo. Kresťanská cirkev všeobecne. Ekleziológia  |2 konspekt 
072 7 |a 2  |x Náboženstvo  |2 konspekt 
080 |a 274/278-722.7  |2 2011 
080 |a 2-72  |2 2011 
080 |a 27-72  |2 2011 
080 |a 050  |2 2011 
080 |a 2(051)  |2 2011 
210 0 |a Dobrý prameň 
222 0 |a Dobrý prameň 
245 0 0 |a Dobrý prameň  |b časopis evanjelického cirkevného zboru a. v. v Dunajskej Lužnej 
260 |a V Dunajskej Lužnej-Nových Košariskách  |b Evanjelický cirkevný zbor a.v.  |c 1997- 
260 3 |3 5/1998-  |a Dunajská Lužná-Nové Košariská  |b Cirkevný zbor ECAV na Slovensku 
310 |a 4x ročne 
362 0 |a Roč. I, č. 1 (1997)- 
500 |a Registračné č.: MK SR 2966/2003 
500 |a Podnázov od č. 5/1998: časopis cirkevného zboru ECAV na Slovensku 
515 |a Časopis má priebežné číslovanie 
650 0 7 |a evanjelici  |2 SNKPH  |9 4027 
650 0 7 |a cirkev  |2 SNKPH  |9 1922 
655 7 |a náboženské časopisy  |2 SNKPH  |9 70790 
710 2 |a Evanjelická cirkev a.v.  |b Cirkevný zbor (Dunajská Lužná, Slovensko)  |4 pbl  |9 35708 
752 |a Slovensko  |d Dunajská Lužná-Nové Košariská 
852 |a Štátna vedecká knižnica v Banskej Bystrici 
910 |a snk 
916 |a 1997-2014 
999 |c 6725  |d 8655 
952 |0 0  |1 0  |4 0  |7 0  |8 0  |a SNK  |b SNK  |d 2008-10-17  |f 1  |i snk2008/20056  |l 0  |o snkČSD 2398/8/2004  |p 17A0534321  |r 2026-02-21 20:49:59  |t č. 27-30  |w 2026-02-21  |y PREZ 
952 |0 0  |1 0  |4 0  |7 0  |8 0  |a SNK  |b SNK  |d 2019-03-22  |f 1  |i snk2019/7913  |l 0  |o snkČSD 2398/1/1997  |p 17A1365505  |r 2026-02-21 21:51:40  |t č. 1-2  |w 2026-02-21  |y PREZ 
952 |0 0  |1 0  |4 0  |7 0  |8 0  |a SNK  |b SNK  |d 2019-03-22  |f 1  |i snk2019/7914  |l 0  |o snkČSD 2398/2/1998  |p 17A1365504  |r 2026-02-21 21:51:40  |t č. 3-6  |w 2026-02-21  |y PREZ 
952 |0 0  |1 0  |4 0  |7 0  |8 0  |a SNK  |b SNK  |d 2019-03-22  |f 1  |i snk2019/7915  |l 0  |o snkČSD 2398/3/1999  |p 17A1365503  |r 2026-02-21 21:51:40  |t č. 7-10  |w 2026-02-21  |y PREZ 
952 |0 0  |1 0  |4 0  |7 0  |8 0  |a SNK  |b SNK  |d 2019-03-22  |f 1  |i snk2019/7916  |l 0  |o snkČSD 2398/4/2000  |p 17A1365502  |r 2026-02-21 21:51:40  |t č. 11-14, neúplné  |w 2026-02-21  |y PREZ  |z Chýba č. 13 
952 |0 0  |1 0  |4 0  |7 0  |8 0  |a SNK  |b SNK  |d 2019-03-22  |f 1  |i snk2019/7917  |l 0  |o snkČSD 2398/5/2001  |p 17A1365501  |r 2026-02-21 21:51:40  |t č. 15-18, neúplné  |w 2026-02-21  |y PREZ  |z Chýba č. 16,18 
952 |0 0  |1 0  |4 0  |7 0  |8 0  |a SNK  |b SNK  |d 2019-03-22  |f 1  |i snk2019/7918  |l 0  |o snkČSD 2398/6/2002  |p 17A1365500  |r 2026-02-21 21:51:40  |t č. 19-22, neúplné  |w 2026-02-21  |y PREZ  |z Chýba č. 20,21 
952 |0 0  |1 0  |4 0  |7 0  |8 0  |a SNK  |b SNK  |d 2019-03-22  |f 1  |i snk2019/7919  |l 0  |o snkČSD 2398/9/2005  |p 17A1365499  |r 2026-02-21 21:51:40  |t č. 31-34  |w 2026-02-21  |y PREZ 
952 |0 0  |1 0  |4 0  |7 0  |8 0  |a SNK  |b SNK  |d 2019-03-22  |f 1  |i snk2019/7920  |l 0  |o snkČSD 2398/10/2006  |p 17A1365498  |r 2026-02-21 21:51:40  |t č. 35-38  |w 2026-02-21  |y PREZ 
952 |0 0  |1 0  |4 0  |7 0  |8 0  |a SNK  |b SNK  |d 2019-03-22  |f 1  |i snk2019/7921  |l 0  |o snkČSD 2398/11/2007  |p 17A1365497  |r 2026-02-21 21:51:40  |t č. 39-42  |w 2026-02-21  |y PREZ 
952 |0 0  |1 0  |4 0  |7 0  |8 0  |a SNK  |b SNK  |d 2019-03-22  |f 1  |i snk2019/7922  |l 0  |o snkČSD 2398/12/2008  |p 17A1365496  |r 2026-02-21 21:51:41  |t č. 43-46  |w 2026-02-21  |y PREZ 
952 |0 0  |1 0  |4 0  |7 0  |8 0  |a SNK  |b SNK  |d 2019-03-22  |f 1  |i snk2019/7923  |l 0  |o snkČSD 2398/13/2009  |p 17A1365495  |r 2026-02-21 21:51:41  |t č. 47-50  |w 2026-02-21  |y PREZ 
952 |0 0  |1 0  |4 0  |7 0  |8 0  |a SNK  |b SNK  |d 2019-03-22  |f 1  |i snk2019/7924  |l 0  |o snkČSD 2398/14/2010  |p 17A1365494  |r 2026-02-21 21:51:41  |t č. 51-54  |w 2026-02-21  |y PREZ 
952 |0 0  |1 0  |4 0  |7 0  |8 0  |a SNK  |b SNK  |d 2019-03-22  |f 1  |i snk2019/7925  |l 0  |o snkČSD 2398/15/2011  |p 17A1366024  |r 2026-02-21 21:51:41  |t č. 55-58  |w 2026-02-21  |y PREZ 
952 |0 0  |1 0  |4 0  |7 0  |8 0  |a SNK  |b SNK  |d 2019-03-22  |f 1  |i snk2019/7926  |l 0  |o snkČSD 2398/16/2012  |p 17A1366025  |r 2026-02-21 21:51:41  |t č. 59-62  |w 2026-02-21  |y PREZ 
952 |0 0  |1 0  |4 0  |7 0  |8 0  |a SNK  |b SNK  |d 2019-03-22  |f 1  |i snk2019/7927  |l 0  |o snkČSD 2398/17/2013  |p 17A1366026  |r 2026-02-21 21:51:41  |t č. 63-66  |w 2026-02-21  |y PREZ 
952 |0 0  |1 0  |4 0  |7 0  |8 0  |a SNK  |b SNK  |d 2019-03-22  |f 1  |i snk2019/7928  |l 0  |o snkČSD 2398/18/2014  |p 17A1366027  |r 2026-02-21 21:51:41  |t č. 67-70, neúplné  |w 2026-02-21  |y PREZ  |z Chýba č. 69,70 ; ;